Risk assessment (Record no. 2833)

000 -LEADER
fixed length control field 00661nam a22002177a 4500
003 - CONTROL NUMBER IDENTIFIER
control field OSt
005 - DATE AND TIME OF LATEST TRANSACTION
control field 20210722071630.0
008 - FIXED-LENGTH DATA ELEMENTS--GENERAL INFORMATION
fixed length control field 210722b ||||| |||| 00| 0 eng d
020 ## - INTERNATIONAL STANDARD BOOK NUMBER
International Standard Book Number 9780894632563
040 ## - CATALOGING SOURCE
Transcribing agency ALUPE UNIVERSITY
050 ## - LIBRARY OF CONGRESS CALL NUMBER
Classification number HD61
Item number .E88 2005
100 ## - MAIN ENTRY--PERSONAL NAME
Personal name Etti G Baranoff
245 ## - TITLE STATEMENT
Title Risk assessment
250 ## - EDITION STATEMENT
Edition statement 1st ed.
260 ## - PUBLICATION, DISTRIBUTION, ETC.
Place of publication, distribution, etc. Vancouver, B.C. : Langara College,
Name of publisher, distributor, etc. American Institute for Chartered Property Casualty Underwriters.; Insurance Institute of America.
Date of publication, distribution, etc. 2009
300 ## - PHYSICAL DESCRIPTION
Extent xii.
Other physical details ill.;[some col.]
Dimensions 27cm
500 ## - GENERAL NOTE
General note includes index
650 ## - SUBJECT ADDED ENTRY--TOPICAL TERM
Topical term or geographic name entry element Risk assessment
700 ## - ADDED ENTRY--PERSONAL NAME
Personal name Scott E Harrington
942 ## - ADDED ENTRY ELEMENTS (KOHA)
Source of classification or shelving scheme
Koha item type Book
Suppress in OPAC JO
Holdings
Withdrawn status Lost status Source of classification or shelving scheme Damaged status Not for loan Permanent Location Current Location Shelving location Date acquired Source of acquisition Total Checkouts Full call number Barcode Date last seen Price effective from Koha item type Public note
          AU LIBRARY AU LIBRARY Open Shelf 22.07.2021 DONATION FROM MOI UNIVERSITY   HD61 .E88 2005 28000701 22.07.2021 22.07.2021 Book JO

Powered by Koha